000 00725nam a22002297a 4500
003 OSt
005 20250703073316.0
008 250703b |||||||| |||| 00| 0 eng d
020 _a9786214160334
040 _aDWCL - Main lib
_cOC
082 _aFil. 657.042 V173t 2018
100 _aValix, Conrado T.
245 _aTheory of financial accounting/
_cConrado T. Valix
250 _a2018 revised edition.
260 _aManila :
_bGIC Enterprises & Co.,
_c c2018.
300 _aviii, 919 pages ;
_c22 cm.
504 _aIncludes SMEs.
650 _a1. Accounting--Problems, exercises, etc.
650 _a2. Accounting.
700 _aChristian Aris M. Valix
942 _2ddc
_cBK - FIL
_e2018 revised edition.
_kFil.
_n0
999 _c3373
_d3373